Su luz me basta / (Record no. 181889)

MARC details
000 -LEADER
campo de control de longitud fija 00855nam a2200241 i 4500
001 - NÚMERO DE CONTROL
campo de control 181889
003 - IDENTIFICADOR DE NÚMERO DE CONTROL
campo de control ES-MaACL
005 - FECHA Y HORA DE LA ÚLTIMA TRANSACCIÓN
campo de control 20250824063058.0
008 - DATOS DE LONGITUD FIJA--INFORMACIÓN GENERAL
campo de control de longitud fija 130506s2011 sp |||| | spa d
020 ## - NÚMERO INTERNACIONAL ESTÁNDAR DEL LIBRO
Número Internacional Estándar del Libro 978-84-15014-70-6
080 ## - NÚMERO DE LA CLASIFICACIÓN DECIMAL UNIVERSAL
Número de la Clasificación Decimal Universal 821.134.2-14"192
100 1# - ENTRADA PRINCIPAL--NOMBRE DE PERSONA
Nombre de persona Gómez, Rosario,
Fechas asociadas al nombre 1960-
9 (RLIN) 152686
245 10 - MENCIÓN DEL TÍTULO
Título Su luz me basta /
Mención de responsabilidad, etc. Rosario Gómez ; prólogo de Ángel Gómez Moreno ; [ilustraciones Ana Valenciano].
250 ## - MENCION DE EDICION
Mención de edición [1ª ed.].
260 ## - PUBLICACIÓN, DISTRIBUCIÓN, ETC.
Lugar de publicación, distribución, etc. Madrid :
Nombre del editor, distribuidor, etc. Sial,
Fecha de publicación, distribución, etc. [2011]
300 ## - DESCRIPCIÓN FÍSICA
Extensión 67 p. :
Otras características físicas il. ;
Dimensiones 21 cm.
700 0# - ENTRADA AGREGADA--NOMBRE PERSONAL
Nombre de persona Gómez Moreno, Angel.
9 (RLIN) 58064
700 1# - ENTRADA AGREGADA--NOMBRE PERSONAL
Nombre de persona Valenciano, Ana.
9 (RLIN) 147332
852 ## - LOCALIZACIÓN
Ubicación ES-MaACL
Número de control de estantería N-5599
itemnumber 188797
Sublocalización o colección R.148733
Ubicación en estantería Depósito 1
Signatura antigua Olim: N-5599
Encuadernación Donación: Rosario Gómez
Nota libre Dedicatoria autógrafa de la autora
903 ## - NOMBRE PERSONAL DE DONANTE
a Rosario Gómez
e Donante
942 ## - ELEMENTOS DE ENTRADA SECUNDARIOS (KOHA)
Fuente del sistema de clasificación o colocación Clasificación decimal universal
Tipo de ítem Koha Libro impreso
Holdings
Estatus retirado Estado de pérdida Fuente del sistema de clasificación o colocación Estado de daño No para préstamo Biblioteca de origen Biblioteca actual Ubicación en estantería Fecha de adquisición Fuente de adquisición Total de préstamos Signatura topográfica completa Código de barras Visto por última vez Precio de reemplazo Tipo de ítem Koha Nota pública
    Clasificación decimal universal     Biblioteca del Ateneo de Madrid Biblioteca del Ateneo de Madrid Depósito 1 06/05/2013 Donación   A-12596 1191147 23/02/2023 23/02/2023 Libro impreso Dedicatoria autógrafa de la autora